• 首页
  • 本馆介绍
  • 公告通知
  • 最新文献
  • 馆藏检索
  • 电子资源
  • 读者导购
  • 参考咨询
  • 我的图书馆
  • 登录
  • 详细信息显示
  • 放入我的书架
  • 预约/预借图书
  • 作者相关作品
  • 分类相关作品
  • 丛书相关作品
  • 出版社相关作品

书目信息

  • 表格格式
  • 工作单格式
  • 卡片格式
题名:
黄埔北伐
    
 
作者: 刘凤翰 主编 ;胡文生 编著
分册:  
出版信息: 北京   中国大百科全书出版社  2010
页数: 213页
开本: 23cm
丛书名: 口述历史辑要丛书
单 册:
中图分类: K262.340.6
科图分类:
主题词: 第一次国内革命战争--史料
电子资源:
ISBN: 978-7-5000-8301-6
000 00923oam2 2200265 450
001 339105
005 20150604152429.12
010    @a978-7-5000-8301-6@dCNY32.00
100    @a20100402d2010 em y0chiy50 ea
101 0  @achi
102    @aCN@b110000
105    @ay z 000yy
106    @ar
200 1  @a黄埔北伐@Ahuang pu bei fa@e亲历者口述实录@f刘凤翰主编@g胡文生编著
210    @a北京@c中国大百科全书出版社@d2010
215    @a213页@d23cm
225 2  @a口述历史辑要丛书
330    @a本书讲述了民国时期黄埔北伐的经过, 包括北伐前的南北政局、北伐的基本过程、二次北伐等重大史实, 内容涉及国民党内的左右派之争、国民党右派之活动、国共合作及最终破裂等。
410  0 @12001 @a口述历史辑要丛书
606 0  @a第一次国内革命战争@j史料
690    @aK262.340.6@v5
701  0 @a刘凤翰@Aliu feng han@f(1927 2007)@4主编
702  0 @a胡文生@Ahu wen sheng@4编著
801  0 @aCN@b卓展宏图@c20150525
905    @dK262.340.6@e31@f5
    
    黄埔北伐:亲历者口述实录/刘凤翰主编/胡文生编著.-北京:中国大百科全书出版社,2010
    213页;23cm.-(口述历史辑要丛书)
    
    
    ISBN 978-7-5000-8301-6:CNY32.00
    本书讲述了民国时期黄埔北伐的经过, 包括北伐前的南北政局、北伐的基本过程、二次北伐等重大史实, 内容涉及国民党内的左右派之争、国民党右派之活动、国共合作及最终破裂等。
●
相关链接 在E读中查询图书 在五车中查询图书 在当当中查询图书 在豆瓣中查询图书


正题名:黄埔北伐     索取号:K262.340.6/31         预约/预借

序号 登录号 条形码 馆藏地/架位号 状态 备注
1 859396   208593967   第二样本阅览室/ [索取号:K262.340.6/31] 在馆    
2 859397   208593976   密集书库-史法系/ [索取号:K262.340.6/31] 在馆    
3 859398   208593985   第二借阅区/ [索取号:K262.340.6/31] 在馆    
4 859399   208593994   第二借阅区/ [索取号:K262.340.6/31] 在馆    
5 859400   208594001   第二借阅区/ [索取号:K262.340.6/31] 在馆    
唐山师范学院图书馆 欢迎您!
大连网信软件有限公司© 版权所有